Statistics for NBA General Knowledge

Click here to take the quiz!

General Stats

  • This quiz has been taken 184 times
  • The average score is 13 of 15

Answer Stats

QuestionAnswer% Correct
How many NBA teams has Shaquille O'Neal played for?6
100%
How many?6
97%
1996-2004Los Angeles Lakers
96%
2004-2008Miami Heat
95%
Name them: 1992-1996Orlando Magic
95%
With pick number:13
94%
2010-2011Boston Celtics
94%
Which team became NBA champions for the 5th time in 2014?San Antonio Spurs
91%
Who has won the most MVP Awards?Kareem Abdul-Jabbar
89%
2008-2009Phoenix Suns
88%
What team drafted Kobe Bryant?Charlotte Hornets
87%
2009-2010Cleveland Cavaliers
84%
Which current NBA team used to be known as the Cincinatti Royals?Sacramento Kings
84%
What number did Dennis Rodman wear when he played for the Chicago Bulls?91
74%
Who won Defensive player of the year in 2007?Marcus Camby
43%

Score Distribution

Percentile by Number Answered

Percent of People with Each Score

Your Score History

You have not taken this quiz